Supernatural Episode Titles - Statistics

General Stats
  • This quiz has been taken 2,197 times
  • The average score is 43 of 149
Answer Stats
Answer % Correct
Pilot
89%
Wendigo
77%
Bloody Mary
61%
Bugs
61%
Dead in the Water
54%
Lazarus Rising
53%
Mystery Spot
51%
Skin
51%
Swan Song
51%
Lucifer Rising
50%
Changing Channels
49%
Home
49%
Route 666
49%
All Hell Breaks Loose: Part 1
48%
All Hell Breaks Loose: Part 2
48%
Faith
47%
Scarecrow
47%
Hook Man
46%
Phantom Traveler
46%
The French Mistake
44%
Asylum
42%
In My Time Of Dying
42%
Yellow Fever
42%
Devil's Trap
41%
Ghostfacers
41%
Are You There God? It's Me, Dean Winchester
40%
Bad Day at Black Rock
40%
Hell House
40%
Heart
39%
Tall Tales
38%
Children Shouldn't Play with Dead Things
37%
Croatoan
37%
It's the Great Pumpkin, Sam Winchester
37%
A Very Supernatural Christmas
36%
Dead Man's Blood
36%
The End
36%
Everybody Loves A Clown
35%
The Benders
35%
Jus in Bello
34%
Nightmare
34%
Provenance
34%
Salvation
34%
What is and What Should Never Be
34%
Shadow
33%
Crossroad Blues
32%
Folsom Prison Blues
32%
Monster Movie
32%
No Rest for the Wicked
32%
Something Wicked
32%
The Kids Are Alright
32%
Hammer of the Gods
31%
Playthings
31%
The Magnificent Seven
31%
Sam, Interrupted
30%
Bloodlust
29%
Born Under a Bad Sign
29%
The Monster at the End of this Book
29%
When the Levee Breaks
29%
After School Special
28%
Heaven and Hell
28%
Hollywood Babylon
28%
Houses of the Holy
28%
Hunted
28%
Nightshifter
28%
Sympathy for the Devil
28%
Weekend at Bobby's
28%
I Know What You Did Last Summer
27%
It's a Terrible Life
27%
Jump the Shark
27%
My Bloody Valentine
27%
No Exit
27%
On the Head of a Pin
27%
Roadkill
27%
Simon Said
27%
Sin City
27%
The Real Ghostbusters
27%
The Usual Suspects
27%
Bedtime Stories
26%
Dark Side of the Moon
26%
Dream a Little Dream of Me
26%
Free to be You and Me
26%
Good God, Y'All
26%
In the Beginning
26%
Red Sky at Morning
26%
The Curious Case of Dean Winchester
26%
Abandon All Hope
25%
Criss Angel is a Douche Bag
25%
Sex and Violence
25%
Swap Meat
25%
The Man Who Would be King
25%
99 Problems
24%
Dead Men Don't Wear Plaid
24%
Death Takes a Holiday
24%
Long Distance Call
24%
The Man Who Knew Too Much
24%
The Rapture
24%
Time is on My Side
24%
Wishful Thinking
24%
Fallen Idols
23%
Fresh Blood
23%
Metamorphosis
23%
Family Remains
22%
I Believe the Children are Our Future
22%
My Heart Will Go On
22%
The Song Remains the Same
22%
Two and a Half Men
22%
Two Minutes to Midnight
22%
Meet the New Boss
21%
Mommy Dearest
21%
All Dogs Go to Heaven
20%
Clap Your Hands if You Believe
20%
Frontierland
20%
Live Free or Twihard
20%
Malleus Maleficarum
20%
Point of No Return
20%
Season Seven, Time for a Wedding!
20%
The Devil You Know
20%
Death's Door
19%
Exile on Main St.
19%
Like a Virgin
19%
The Third Man
19%
Let it Bleed
18%
Slash Fiction
18%
Caged Heat
17%
Family Matters
17%
The Girl with the Dungeons and Dragons Tattoo
17%
Appointment in Samarra
16%
Party On, Garth
16%
Shut Up, Dr. Phil
16%
The Girl Next Door
16%
Hello, Cruel World
15%
Mannequin 3: The Reckoning
15%
The Slice Girls
15%
And Then There Were None
14%
Plucky Pennywhistle's Magical Menagerie
14%
Reading is Fundamental
14%
Survival of the Fittest
14%
The Born-Again Identity
14%
Time After Time
14%
Unforgiven
14%
You Can't Handle the Truth
14%
Repo Man
13%
Adventures in Babysitting
12%
How to Win Friends and Influence Monsters
12%
The Mentalists
12%
There Will Be Blood
12%
Defending Your Life
11%
Of Grave Importance
8%
Out With the Old
8%
No matching quizzes found
Score Distribution
Percent of People with Each Score
Percentile by Number Answered
Your Score History
You have not taken this quiz